Turkish Cities with Pictures - Statistics

General Stats
  • This quiz has been taken 135 times
  • The average score is 7 of 9
Answer Stats
Picture Answer % Correct
Istanbul
100%
Ankara
97%
Izmir
95%
Antalya
84%
Nevsehir
83%
Trabzon
80%
Denizli
78%
Bursa
58%
Mardin
58%
No matching quizzes found
Score Distribution
Percent of People with Each Score
Percentile by Number Answered
Your Score History
You have not taken this quiz